Statistiques concernant Inazuma Eleven - Noms d'épisodes Saison 1

Cliquez ici pour prendre le quiz!

Statistiques générales

  • Ce quiz a été pris 153 fois
  • Le résultat moyen est 8 sur 26

Statistiques - réponses

NuméroRéponse% Correct
1Jouons au Football
80%
17La Décision de Jude
51%
4La Tornade du Dragon
51%
6Le Trampoline du Tonnerre
44%
2Face à Face avec la Royal Académie
39%
9Willy Entre en Scène
38%
14Le Onze Légendaire
35%
22Surpasser la Main Céleste
33%
7Le Centre d'Entraînement Secret
31%
23Le Défi de Byron
30%
8Les Cyber-Joueurs de Foot
30%
10L'Espion de la Royal Académie
30%
25Le Grand Match - Première Partie
28%
26Le Grand Match - Deuxième Partie
27%
18Il Faut Pulvériser la Muraille Infinie
26%
20La Super Technique du Triangle Z
25%
24Au Camp d'Entraînement
24%
11Recherche Entraîneur Désespérément
24%
13Finale Contre la Royal Académie - Deuxième Partie
23%
12Finale Contre la Royal Académie - Première Partie
23%
19Le Retour d'un Petit Génie du Ballon
22%
5Où est le Cahier Secret ?
21%
16Les Joueurs de Foot Ninjas
20%
21Bataille Féroce Contre le Collège Kirkwood
17%
3A la Recherche de la Meilleure Technique
16%
15Et c'est Parti pour le Championnat National
16%

Distribution des résultats

Percentile par nombre de réponses

% des personnes avec chaque résultat

Votre développement - résultats

Vous n’avez pas pris ce quiz